MARC details
| 000 -BAŞLIK |
| Sabit Uzunlukta Kontrol Alanı |
01264na a2200325 4500 |
| 001 - KONTROL NUMARASI |
| Denetim Alanı |
17921 |
| 003 - KONTROL NUMARASI IDENTIFIER |
| Denetim Alanı |
MIRAKIL |
| 005 - SON İŞLEM TARİHİ VE ZAMANI |
| Denetim Alanı |
20181213154902.0 |
| 008 - SABİT-BOY VERİ ELEMANLARI - GENEL BİLGİLER |
| Sabit Uzunlukta Kontrol Alanı |
161108b tu 000 0 |
| 020 ## - ULUSLARARASI STANDART KİTAP NUMARASI |
| Uluslararası Standart Kitap Numarası |
9751927137 |
| 040 ## - KATALOGLAMA KAYNAK |
| Orijinal Kataloglama Ajansı |
Milas |
| Kataloglama Dili |
tur |
| Metne Dönüştürmek Ajansı |
TR-AnCHP |
| 041 ## - DİL KODU |
| Metin / Ses Parça Veya Ayrı Başlığın Dil Kodu |
tur |
| 082 ## - DEWEY ONLU SINIFLANDIRMA NUMARASI |
| Sınıflandırma Numarası |
338.900685 |
| Ürün Numarası |
N57 2001 |
| 090 ## - SINIFLAMA NUMARASI |
| Sınıflama Numarası |
338.900685 N57 2001 |
| 245 ## - BAŞLIK TABLOSU |
| Başlık |
Nitelikli insangücü, meslek standartları düzeni ve sosyal sermaye birikimi özel ihtisas komisyonu raporu |
| Sorumluluk Tablosu, Vb |
Devlet Planlama Teşkilatı |
| 246 ## - UNVAN FORM VARYING |
| Başlık Doğru / Kısa Başlığı |
Nitelikli insangücü, meslek standartları düzeni ve sosyal sermaye birikimi |
| 260 ## - YAYIN, DAĞITIM, VB |
| Yayın, Dağıtım, Vb Yeri |
Ankara |
| Yayıncı, Dağıtıcı, Vs Adı |
Devlet Planlama Teşkilatı |
| Yayın, Dağıtım, Vb Tarihi |
2001 |
| 300 ## - FİZİKSEL TANIM |
| Kapsam |
75 s. |
| Diğer Fiziksel Ayrıntıları |
tbl. |
| Boyutlar |
27 sm. |
| 440 ## - SERİSİ TABLOSU / KATMA GİRİŞİ - BAŞLIK |
| Başlık |
DPT |
| Hacim / Ardışık Tanımı |
2577 |
| 490 ## - SERİSİ TABLOSU |
| Seri Beyanı |
ÖİK |
| Hacim / Ardışık Tanımı |
590 |
| 500 ## - GENEL NOT |
| Genel Not |
Sekizinci beş yıllık kalkınma planı özel ihtisas komisyonu raporu |
| 610 ## - KONU KATMA GİRİŞ - TOPLANTI ADI |
| Giriş Elemanı Olarak Kurumsal Ad Veya Yargı Alanı Adı |
Devlet Planlama Teşkilatı (DPT) |
| 650 ## - KONU KATMA GİRİŞ - TOPİKAL DÖNEM |
| Topikal Süreli Veya Coğrafi Ad Giriş Elemanı |
Beş yıllık kalkınma planları |
| Kronolojik Alt Bölümü |
Türkiye |
| 650 ## - KONU KATMA GİRİŞ - TOPİKAL DÖNEM |
| Topikal Süreli Veya Coğrafi Ad Giriş Elemanı |
Meslek standartları |
| Genel Alt Bölümü |
Kalkınma planı, 2001 |
| Kronolojik Alt Bölümü |
Raporlar |
| 710 ## - KATMA GİRİŞ - KURUMSAL ADI |
| Giriş Elemanı Olarak Kurumsal Ad Veya Yargı Alanı Adı |
Devlet Planlama Teşkilatı (DPT) |
| 740 ## - KATMA GİRİŞ - KONTROLSUZ İLGİLİ / ANALİTİK BAŞLIK |
| Kontrol Edilmeyen / İlgili Analitik Başlıktaki |
Nitelikli insangücü, meslek standartları düzeni ve sosyal sermaye birikimi |
| 830 ## - SERİSİ EKLENDİ GİRİŞ - ÜNİFORM ADI |
| Üniforma Başlık |
Özel İhtisas Komisyonu |
| 830 ## - SERİSİ EKLENDİ GİRİŞ - ÜNİFORM ADI |
| Üniforma Başlık |
Devlet Planlama Teşkilatı Yayınları |
| 942 ## - EKLENDİ GİRİŞ ELEMANLARI (KOHA) |
| Sınıflandırma Veya Raf Düzeni Kaynak |
Dewey Decimal Classification |
| Koha Öğesi Türü |
Books |
| 999 ## - SİSTEM KONTROL NUMARALARI (KOHA) |
| Koha Biblionumber |
2571 |
| Koha Biblioitemnumber |
2571 |